000 00688naa a2200229 i 4500
001 88078
003 ES-MaBCM
005 20241016125429.0
008 021128s2001 esp 000 0 spa d
021 _axx
035 _a(OCoLC)1365241043
040 _cES-MaBCM
041 0 _aspa
043 _aesp
100 1 _916423
_aFraga Iribarne, Manuel
_d1922-2012
245 1 0 _aEspaña y Europa
_cManuel Fraga Iribarne
650 2 7 _aRelación internacional
_960079
651 2 4 _aEuropa
_9115402
651 2 4 _aEspaña
_9115342
773 0 _aEn:
_tAnales de la Real Academia de Ciencias Morales y Políticas
_dMadrid : 2001
_w104864
_gaño LIII, n. 78, p. 389-402. - Loc. S.005
942 _cAREV
999 _c88078
_d88078